000 00882nam a2200205Ia 4500
999 _c35772
_d35772
003 GCL
005 20240530102952.0
008 140319s9999 xx 000 0 ara d
040 _aGCL /
_cGCL
082 0 4 _a263.5/
_bم ش
100 0 _aمحمود محمود الغراب
245 1 0 _aالشيخ الاكبر محى الدين بن العربى :
_bترجمة حياته من كلامه /
_cجمع وتاليف محمود محمود الغراب
260 _aسوريا :
_bدار الايمان
300 _a317 ص ؛
_c24 سم
650 0 4 _aالاسلام - تراجم
650 0 4 _aالائمة والاولياء
650 0 4 _aمحى الدين بن العربى
700 1 _aابن العربى : محيى الدين ابو بكر محمد بن على بن محمد بن احمد بن عبدالله الحاتمى الطائى الاندلسى
942 _2ddc
_cBK